| 000 | 00395nam a2200169Ia 4500 | ||
|---|---|---|---|
| 008 | 230524s9999 xx 000 0 und d | ||
| 020 | _a8180546683 | ||
| 082 |
_a570.15 _bGUP |
||
| 100 | _aS.P.Gupta | ||
| 245 | 0 | _aStatistical Methods | |
| 250 | _a37TH | ||
| 260 |
_aNEW DELHI _bS.Chand _c2008 |
||
| 300 | _aXV;1463 | ||
| 500 | _aQuantity Number: 25 | ||
| 650 | _aMathematics | ||
| 942 | _cBK | ||
| 999 |
_c40644 _d40644 |
||